[Event "4NCL Division 3 Central"]
[Site "Leamington Spa, ENG"]
[Date "2021.11.21"]
[Round "2.11"]
[White "Adams, Mark"]
[Black "Ashworth, Michael"]
[Result "1/2-1/2"]
[WhiteElo "2018"]
[BlackElo "2211"]
[PlyCount "74"]
[EventDate "2021.11.21"]
[WhiteTeam "The Full Ponty"]
[BlackTeam "Wood Green Monarchs"]

1. e4 c5 2. Nc3 g6 3. g3 Bg7 4. Bg2 Nc6 5. d3 d6 6. f4 Nf6 7. Nf3 O-O 8. O-O
Rb8 9. h3 b5 10. g4 b4 11. Ne2 Qc7 12. Ng3 Ba6 13. g5 Nd7 14. Ne2 Nb6 15. c4
bxc3 16. bxc3 f5 17. Nh4 e6 18. Rb1 Ne7 19. Bb2 fxe4 20. dxe4 Nc4 21. Qc1 Qa5
22. a3 Rb6 23. f5 exf5 24. exf5 gxf5 25. Nf4 Rfb8 26. Qe1 Be5 27. Nd5 Nxb2 28.
Nxe7+ Kf7 29. Nhxf5 Bxf1 30. Qh4 Bxg2 31. Qxh7+ Ke6 32. Qg6+ Kd7 33. Qf7 Qxa3
34. Kxg2 Qa4 35. Nd5+ Kc6 36. Nfe7+ Kd7 37. Nf5+ Kc6 1/2-1/2

[Event "4NCL Division 3 Central"]
[Site "Leamington Spa, ENG"]
[Date "2021.11.21"]
[Round "2.12"]
[White "Grigoryan, Meri"]
[Black "Fletcher, John"]
[Result "0-1"]
[WhiteElo "2155"]
[BlackElo "2065"]
[PlyCount "29"]
[EventDate "2021.11.21"]
[WhiteTeam "Wood Green Monarchs"]
[BlackTeam "The Full Ponty"]

1. d4 d5 2. Bf4 c5 3. c3 Nc6 4. Nf3 Qb6 5. Qb3 Qxb3 6. axb3 cxd4 7. Nxd4 f6 8.
Nb5 e5 9. Bxe5 fxe5 10. Nc7+ Kd8 11. Nxa8 Bf5 12. e4 Bxe4 13. Nd2 Kc8 14. Nxe4
dxe4 15. b4 0-1

[Event "4NCL Division 3 Central"]
[Site "Leamington Spa, ENG"]
[Date "2021.11.21"]
[Round "2.13"]
[White "Hughes, Anthony"]
[Black "Serbanescu, Diana-Maria"]
[Result "0-1"]
[WhiteElo "1945"]
[BlackElo "1990"]
[PlyCount "154"]
[EventDate "2021.11.21"]
[WhiteTeam "The Full Ponty"]
[BlackTeam "Wood Green Monarchs"]

1. c4 d6 2. Nc3 Nf6 3. g3 e5 4. Bg2 Be7 5. e4 Nc6 6. Nge2 Be6 7. Nd5 Qd7 8. d3
Bd8 9. Be3 O-O 10. f3 Bxd5 11. cxd5 Ne7 12. O-O c6 13. dxc6 bxc6 14. d4 Bb6 15.
Qd2 Rfd8 16. Rfd1 Qb7 17. Qc3 exd4 18. Bxd4 d5 19. b4 a5 20. a3 axb4 21. axb4
Rxa1 22. Rxa1 dxe4 23. Bxb6 Qxb6+ 24. Qc5 Qxc5+ 25. bxc5 exf3 26. Bxf3 g6 27.
Ra6 Nfd5 28. Kf2 Nb4 29. Ra7 Kf8 30. h4 Nd3+ 31. Kg2 Nxc5 32. h5 Ne6 33. hxg6
hxg6 34. Bg4 f5 35. Bf3 c5 36. g4 c4 37. gxf5 gxf5 38. Ra4 Rc8 39. Nc3 Kf7 40.
Kf2 Nc5 41. Ra7 Kf6 42. Ra5 Nb3 43. Ra7 Nd4 44. Bg2 Nec6 45. Ra6 Ke5 46. Bf1
Nb4 47. Ra5+ Kf4 48. Ra4 Ndc2 49. Be2 Kg5 50. Ra5 Nd3+ 51. Kg3 Re8 52. Bf3 Ne5
53. Be2 Nd4 54. Bd1 Nec6 55. Ra3 Re3+ 56. Kf2 Rd3 57. Ba4 Ne5 58. Nb1 Ng4+ 59.
Kg2 Nb3 60. Bb5 Ne3+ 61. Kf2 f4 62. Ra8 Ng4+ 63. Ke1 Re3+ 64. Kf1 c3 65. Rg8+
Kh4 66. Nxc3 Rxc3 67. Bd7 Nf6 68. Rh8+ Kg5 69. Rh3 Rc1+ 70. Kf2 Rc2+ 71. Kg1
Nxd7 72. Rxb3 Kg4 73. Rb7 Kg3 74. Kf1 f3 75. Rb1 Ne5 76. Ra1 Nd3 77. Ra2 Rc1#
0-1

[Event "4NCL Division 3 Central"]
[Site "Leamington Spa, ENG"]
[Date "2021.11.21"]
[Round "2.14"]
[White "Larkin, Benjamin"]
[Black "Perrett, David C"]
[Result "0-1"]
[WhiteElo "1921"]
[BlackElo "2020"]
[PlyCount "34"]
[EventDate "2021.11.21"]
[WhiteTeam "Wood Green Monarchs"]
[BlackTeam "The Full Ponty"]

1. Nf3 f5 2. g3 Nf6 3. Bg2 d6 4. d4 g6 5. O-O Bg7 6. c4 Ne4 7. Ng5 Nxg5 8. Bxg5
c6 9. Nc3 Qb6 10. e4 Qxd4 11. Qe2 h6 12. Rad1 Qe5 13. Bf4 Qe6 14. Rfe1 g5 15.
Bh3 O-O 16. Be3 Qf7 17. c5 f4 0-1

[Event "4NCL Division 3 Central"]
[Site "Leamington Spa, ENG"]
[Date "2021.11.21"]
[Round "2.15"]
[White "Davies, Peter"]
[Black "Nefyodov, Pavel"]
[Result "1/2-1/2"]
[WhiteElo "1990"]
[BlackElo "1818"]
[PlyCount "30"]
[EventDate "2021.11.21"]
[WhiteTeam "The Full Ponty"]
[BlackTeam "Wood Green Monarchs"]

1. e4 e5 2. Nf3 Nc6 3. Bb5 f5 4. d3 fxe4 5. dxe4 Nf6 6. Qe2 d6 7. O-O Bd7 8. c3
Be7 9. Bc4 Na5 10. Ng5 Nxc4 11. Qxc4 Rf8 12. a4 h6 13. Ne6 Bxe6 14. Qxe6 Qd7
15. Qxd7+ Kxd7 1/2-1/2

[Event "4NCL Division 3 Central"]
[Site "Leamington Spa, ENG"]
[Date "2021.11.21"]
[Round "2.16"]
[White "Morea, Georgiana-Steluta"]
[Black "Dixon, Chris"]
[Result "1-0"]
[WhiteElo "1891"]
[BlackElo "1825"]
[PlyCount "61"]
[EventDate "2021.11.21"]
[WhiteTeam "Wood Green Monarchs"]
[BlackTeam "The Full Ponty"]

1. c4 e6 2. Nc3 d5 3. d4 Nf6 4. Nf3 Be7 5. Bg5 O-O 6. e3 h6 7. Bh4 b6 8. cxd5
exd5 9. Bd3 Bb7 10. O-O Nbd7 11. Rc1 c6 12. Nb1 Re8 13. Qc2 Nf8 14. Ne5 Rc8 15.
Qe2 N6d7 16. Bg3 Nxe5 17. dxe5 Bh4 18. Bf4 Bg5 19. Qg4 Bxf4 20. exf4 Rc7 21.
Rfd1 Bc8 22. Qg3 Qe7 23. h3 h5 24. Re1 b5 25. f5 Kh8 26. f6 gxf6 27. exf6 Qxe1+
28. Rxe1 Rxe1+ 29. Kh2 Ne6 30. Bf5 Rb7 31. Qf3 1-0

[Event "4NCL Division 3 Central"]
[Site "Leamington Spa, ENG"]
[Date "2021.11.21"]
[Round "2.21"]
[White "Brown, Thomas"]
[Black "Brackmann, Hendrik"]
[Result "1-0"]
[WhiteElo "2123"]
[BlackElo "2082"]
[PlyCount "55"]
[EventDate "2021.11.21"]
[WhiteTeam "Rhyfelwyr Essyllwg"]
[BlackTeam "Oxford 2"]

1. d4 Nf6 2. Nf3 d5 3. c3 c5 4. dxc5 Ne4 5. b4 g6 6. Nfd2 Nf6 7. e3 Bg7 8. Bb2
O-O 9. Be2 Nc6 10. O-O Qc7 11. Na3 a5 12. Nb5 Qb8 13. a3 b6 14. Nd4 Nd8 15.
cxb6 Qxb6 16. b5 e5 17. N4f3 Nd7 18. a4 Ne6 19. Nb3 Bb7 20. c4 dxc4 21. Bxc4
Rfd8 22. Qe2 e4 23. Nfd4 Nxd4 24. Bxd4 Bxd4 25. exd4 Kg7 26. Rfd1 f5 27. Rac1
Qf6 28. Nc5 1-0

[Event "4NCL Division 3 Central"]
[Site "Leamington Spa, ENG"]
[Date "2021.11.21"]
[Round "2.22"]
[White "Arora, Tashika"]
[Black "Hewitt, William"]
[Result "1-0"]
[WhiteElo "1884"]
[BlackElo "1997"]
[PlyCount "69"]
[EventDate "2021.11.21"]
[WhiteTeam "Oxford 2"]
[BlackTeam "Rhyfelwyr Essyllwg"]

1. d4 Nf6 2. c4 g6 3. g3 Bg7 4. Bg2 d5 5. cxd5 Nxd5 6. e4 Nb6 7. Ne2 c5 8. d5
O-O 9. O-O e6 10. Nbc3 exd5 11. exd5 Bf5 12. h3 h5 13. b3 Na6 14. Bb2 Re8 15.
Nf4 Nc8 16. Re1 Nd6 17. Na4 Rxe1+ 18. Qxe1 b5 19. Bxg7 Kxg7 20. Nc3 Qf6 21. Rd1
Re8 22. Qd2 c4 23. Nce2 Nc5 24. Nd4 Rc8 25. Rc1 Be4 26. f3 Bf5 27. g4 hxg4 28.
hxg4 Bd3 29. Nc6 a6 30. b4 Ncb7 31. g5 Qf5 32. Ne7 Qd7 33. Nxc8 Nxc8 34. Nxd3
cxd3 35. Qc3+ 1-0

[Event "4NCL Division 3 Central"]
[Site "Leamington Spa, ENG"]
[Date "2021.11.21"]
[Round "2.23"]
[White "Trevelyan, John"]
[Black "Wilson, Edgar"]
[Result "1-0"]
[WhiteElo "1984"]
[BlackElo "1964"]
[PlyCount "105"]
[EventDate "2021.11.21"]
[WhiteTeam "Rhyfelwyr Essyllwg"]
[BlackTeam "Oxford 2"]

1. d4 e6 2. e4 d5 3. Nc3 Bb4 4. e5 c5 5. Bd2 Ne7 6. Nf3 Nbc6 7. Nb5 Bxd2+ 8.
Qxd2 O-O 9. c3 a6 10. Nd6 f6 11. Nxc8 Rxc8 12. exf6 Rxf6 13. Bd3 cxd4 14. cxd4
Nf5 15. O-O Qe7 16. Rac1 Rff8 17. Bxf5 exf5 18. Rfe1 Qb4 19. Rc3 Rfe8 20. Rec1
Qf8 21. g3 f4 22. Ne5 Qf5 23. Qxf4 Qxf4 24. gxf4 Re6 25. Rc5 Rf8 26. Nxc6 bxc6
27. Rxc6 Re2 28. R6c2 Re4 29. Rc8 Rxd4 30. Rxf8+ Kxf8 31. Rc6 a5 32. Kf1 Rxf4
33. Rc5 Rb4 34. Rxd5 Rxb2 35. Rxa5 Kf7 36. Ra6 h6 37. Kg2 Rb1 38. a4 Ra1 39. a5
Ra3 40. Ra8 g6 41. a6 Kg7 42. h4 Ra4 43. h5 g5 44. Ra7+ Kg8 45. Kf3 Kh8 46. Ke3
Kg8 47. Kd3 Rf4 48. Rb7 Rxf2 49. a7 Ra2 50. Rb8+ Kf7 51. a8=Q Rxa8 52. Rxa8 Kf6
53. Ke3 1-0

[Event "4NCL Division 3 Central"]
[Site "Leamington Spa, ENG"]
[Date "2021.11.21"]
[Round "2.24"]
[White "Manawadu, Dilhan"]
[Black "Heaven, Pete"]
[Result "0-1"]
[WhiteElo "1938"]
[BlackElo "1979"]
[PlyCount "44"]
[EventDate "2021.11.21"]
[WhiteTeam "Oxford 2"]
[BlackTeam "Rhyfelwyr Essyllwg"]

1. e4 c5 2. d3 Nc6 3. g3 g6 4. Bg2 Bg7 5. Nc3 d6 6. f4 e6 7. Nf3 Nge7 8. O-O
O-O 9. Qe1 Nd4 10. Nxd4 cxd4 11. Ne2 Qb6 12. Kh1 f5 13. c3 Nc6 14. exf5 exf5
15. c4 Bd7 16. b3 Rae8 17. Ba3 Nd8 18. Qd2 Bc6 19. Ng1 Bxg2+ 20. Qxg2 Nf7 21.
Rfe1 Rxe1 22. Rxe1 Qa5 0-1

[Event "4NCL Division 3 Central"]
[Site "Leamington Spa, ENG"]
[Date "2021.11.21"]
[Round "2.25"]
[White "Hatchett, Paul"]
[Black "Cole, Graham"]
[Result "1-0"]
[WhiteElo "1980"]
[BlackElo "1818"]
[PlyCount "59"]
[EventDate "2021.11.21"]
[WhiteTeam "Rhyfelwyr Essyllwg"]
[BlackTeam "Oxford 2"]

1. d4 Nf6 2. Nc3 d5 3. Bg5 Nbd7 4. e3 h6 5. Bh4 e6 6. Bd3 Be7 7. Nf3 a6 8. O-O
O-O 9. Re1 c5 10. Ne5 Nxe5 11. dxe5 Nd7 12. Bg3 b5 13. a3 Bh4 14. f4 Bxg3 15.
hxg3 f5 16. Be2 g6 17. Nxd5 Nxe5 18. Nc3 Nf7 19. Bf3 Rb8 20. e4 Rb6 21. exf5
Rd6 22. Qe2 exf5 23. Rad1 Rxd1 24. Rxd1 Qe8 25. Qf2 c4 26. Nd5 Nd6 27. Qd4 Qd8
28. Nb6 Nf7 29. Qxd8 Rxd8 30. Rxd8+ 1-0

[Event "4NCL Division 3 Central"]
[Site "Leamington Spa, ENG"]
[Date "2021.11.21"]
[Round "2.26"]
[White "Finn, Christopher"]
[Black "Van Kemenade, Rudy"]
[Result "1/2-1/2"]
[WhiteElo "1878"]
[BlackElo "1927"]
[PlyCount "117"]
[EventDate "2021.11.21"]
[WhiteTeam "Oxford 2"]
[BlackTeam "Rhyfelwyr Essyllwg"]

1. d4 Nf6 2. Nf3 g6 3. Bg5 Bg7 4. Nbd2 h6 5. Bh4 O-O 6. e3 d6 7. Bd3 Nc6 8. c3
e5 9. O-O Re8 10. Qc2 Qe7 11. dxe5 dxe5 12. e4 g5 13. Bg3 Nh5 14. Rad1 Nf4 15.
Nc4 h5 16. Ne3 Nxd3 17. Nd5 Qf8 18. Rxd3 h4 19. Nxh4 gxh4 20. Bxh4 f5 21. Nxc7
Be6 22. Rfd1 Qf7 23. Nxe8 Rxe8 24. b3 Qh5 25. g3 fxe4 26. Re3 Bg4 27. Rde1 Bf3
28. Rxe4 Qf5 29. Qd3 Rf8 30. Qc4+ Rf7 31. R4e3 e4 32. Rxf3 exf3 33. g4 Qf4 34.
Qxf4 Rxf4 35. Bg3 Rxg4 36. Re3 Ne5 37. h4 Ng6 38. Kf1 Nxh4 39. Bxh4 Rxh4 40.
Rxf3 Rh1+ 41. Ke2 Rb1 42. Kd3 Rb2 43. Kc4 Rxa2 44. Kb5 Rc2 45. c4 Rc3 46. Rxc3
Bxc3 47. b4 Bd4 48. f3 Kf7 49. c5 Ke6 50. Kc4 Be3 51. b5 Bf2 52. c6 bxc6 53.
bxc6 Kd6 54. Kb5 Be3 55. f4 Bxf4 56. Ka6 Be3 57. Kb7 Bb6 58. c7 Bxc7 59. Kxa7
1/2-1/2

[Event "4NCL Division 3 Central"]
[Site "Leamington Spa, ENG"]
[Date "2021.11.21"]
[Round "2.31"]
[White "Midhun, P U."]
[Black "Green, Anthony J"]
[Result "1-0"]
[WhiteElo "2166"]
[BlackElo "1951"]
[PlyCount "51"]
[EventDate "2021.11.21"]
[WhiteTeam "West is Best 2"]
[BlackTeam "Warwickshire Select 2"]

1. Nf3 d6 2. e4 Nf6 3. Nc3 e5 4. d4 Nbd7 5. dxe5 dxe5 6. Bc4 Bb4 7. O-O O-O 8.
Qe2 c6 9. Bg5 h6 10. Bh4 Qc7 11. Rad1 b5 12. Bb3 Nh5 13. Bg3 Nxg3 14. fxg3 Nc5
15. Nh4 Nxb3 16. axb3 g6 17. Kh1 Be7 18. Qe3 Kg7 19. h3 Be6 20. Nf5+ gxf5 21.
exf5 Bg5 22. Qf3 b4 23. Ne4 Bd5 24. f6+ Kh8 25. h4 Bxh4 26. Qh5 1-0

[Event "4NCL Division 3 Central"]
[Site "Leamington Spa, ENG"]
[Date "2021.11.21"]
[Round "2.32"]
[White "Sandhu, Manvith"]
[Black "Bullen, Alex"]
[Result "0-1"]
[WhiteElo "1910"]
[BlackElo "2079"]
[PlyCount "76"]
[EventDate "2021.11.21"]
[WhiteTeam "Warwickshire Select 2"]
[BlackTeam "West is Best 2"]

1. e4 c6 2. d4 d5 3. e5 Bf5 4. Nf3 e6 5. Be2 Ne7 6. O-O Nd7 7. c3 h6 8. Nbd2 g5
9. Nb3 Bg7 10. Bd3 Qc7 11. Bxf5 Nxf5 12. Be3 O-O-O 13. Nfd2 f6 14. exf6 Bxf6
15. Nc5 Nxc5 16. dxc5 Rhf8 17. Qe2 e5 18. Nb3 d4 19. cxd4 exd4 20. Bd2 Rd5 21.
Qd3 Be5 22. Ba5 Qd7 23. Nd2 Nh4 24. f3 Nf5 25. Nc4 Ne3 26. Nxe5 Rxe5 27. Rfe1
Rfe8 28. Bd2 Rxc5 29. Bxe3 dxe3 30. Qxd7+ Kxd7 31. Rad1+ Rd5 32. Rxd5+ cxd5 33.
Kf1 d4 34. Ke2 Kd6 35. Kd3 Kd5 36. Rc1 Re6 37. Rc4 e2 38. Rc1 e1=Q 0-1

[Event "4NCL Division 3 Central"]
[Site "Leamington Spa, ENG"]
[Date "2021.11.21"]
[Round "2.33"]
[White "Southcott-Moyers, Indy"]
[Black "Pal, Rohan"]
[Result "1/2-1/2"]
[WhiteElo "2032"]
[BlackElo "1853"]
[PlyCount "46"]
[EventDate "2021.11.21"]
[WhiteTeam "West is Best 2"]
[BlackTeam "Warwickshire Select 2"]

1. d4 d5 2. Nf3 Nf6 3. Bf4 e6 4. e3 Bd6 5. Bg3 c5 6. c3 Qc7 7. Nbd2 Nbd7 8. Bd3
O-O 9. Bxd6 Qxd6 10. O-O e5 11. dxe5 Nxe5 12. Nxe5 Qxe5 13. Re1 Bg4 14. f3 Bf5
15. Bxf5 Qxf5 16. e4 dxe4 17. Nxe4 Nxe4 18. Rxe4 Rfe8 19. Rxe8+ Rxe8 20. Qd2
Qe5 21. Rd1 h6 22. h3 Qe2 23. a3 b6 1/2-1/2

[Event "4NCL Division 3 Central"]
[Site "Leamington Spa, ENG"]
[Date "2021.11.21"]
[Round "2.34"]
[White "Turner, Simon"]
[Black "Freeland, Alex"]
[Result "1/2-1/2"]
[WhiteElo "1830"]
[BlackElo "1988"]
[PlyCount "73"]
[EventDate "2021.11.21"]
[WhiteTeam "Warwickshire Select 2"]
[BlackTeam "West is Best 2"]

1. d4 Nf6 2. c4 e6 3. Nc3 Bb4 4. e3 c5 5. a3 Bxc3+ 6. bxc3 O-O 7. Bd3 d6 8. Nf3
Nc6 9. d5 Ne5 10. Nxe5 dxe5 11. e4 b5 12. Bg5 exd5 13. exd5 Qa5 14. O-O bxc4
15. Bxf6 gxf6 16. Bxc4 Qxc3 17. Qe2 Bf5 18. Rfd1 Qc2 19. Rd2 Qe4 20. Qf1 Rab8
21. Rd3 Rfd8 22. Rf3 Rb1 23. Rxb1 Qxb1 24. Qxb1 Bxb1 25. Rxf6 Be4 26. d6 Bg6
27. g4 Kg7 28. g5 Kf8 29. Kg2 Rb8 30. h4 Rb2 31. Kf3 Rd2 32. Bb5 Rd4 33. d7 Ke7
34. Kg3 c4 35. Rc6 Rxd7 36. Bxc4 Bd3 37. a4 1/2-1/2

[Event "4NCL Division 3 Central"]
[Site "Leamington Spa, ENG"]
[Date "2021.11.21"]
[Round "2.35"]
[White "Homer, Stephen J"]
[Black "Chen, Daniel Xingyu"]
[Result "1/2-1/2"]
[WhiteElo "1945"]
[BlackElo "1825"]
[PlyCount "109"]
[EventDate "2021.11.21"]
[WhiteTeam "West is Best 2"]
[BlackTeam "Warwickshire Select 2"]

1. e4 c5 2. Nf3 Nc6 3. d4 cxd4 4. Nxd4 g6 5. Nc3 Bg7 6. Be3 Nf6 7. Bc4 Qa5 8.
O-O O-O 9. Bb3 Ne5 10. f3 d6 11. Qd2 Bd7 12. Nd5 Qd8 13. c4 Rc8 14. Rac1 a5 15.
a3 Nxd5 16. cxd5 Qb6 17. Ba2 Qa6 18. Rfd1 a4 19. h3 Bb5 20. Nxb5 Qxb5 21. Bg5
f6 22. Be3 Nd7 23. Bd4 Nc5 24. Bc4 Qd7 25. Qb4 f5 26. Bxg7 Kxg7 27. Bb5 Qd8 28.
Bxa4 Nxa4 29. Rxc8 Qxc8 30. Qxa4 Rf6 31. Qd4 fxe4 32. Qxe4 Qc7 33. Qe3 Qd7 34.
Rd4 Qc7 35. Rh4 Qc5 36. Qxc5 dxc5 37. Re4 Kf7 38. b4 b6 39. bxc5 bxc5 40. Rc4
Ra6 41. a4 Kf6 42. f4 e6 43. d6 Rxd6 44. Rxc5 Rd4 45. a5 Rxf4 46. a6 Ra4 47.
Rc6 Ke5 48. Kf2 Kd5 49. Rb6 e5 50. g3 Ke4 51. g4 Ra2+ 52. Kg3 g5 53. Rh6 Ra3+
54. Kf2 Ra2+ 55. Kg3 1/2-1/2

[Event "4NCL Division 3 Central"]
[Site "Leamington Spa, ENG"]
[Date "2021.11.21"]
[Round "2.36"]
[White "Fellowes, Billy"]
[Black "Jukes, Sam"]
[Result "0-1"]
[WhiteElo "1598"]
[BlackElo "1898"]
[PlyCount "62"]
[EventDate "2021.11.21"]
[WhiteTeam "Warwickshire Select 2"]
[BlackTeam "West is Best 2"]

1. d4 Nf6 2. Bf4 d5 3. e3 e6 4. Bd3 Bd6 5. Ne2 b6 6. Nbc3 Ba6 7. Bxa6 Nxa6 8.
a3 c5 9. Bxd6 Qxd6 10. Nb5 Qd7 11. c4 O-O 12. Nbc3 dxc4 13. O-O cxd4 14. Nxd4
Rfd8 15. Qe2 Rac8 16. Rfd1 Nd5 17. Qg4 Nxc3 18. bxc3 Nc5 19. Qf3 Nd3 20. Nc2
Qc6 21. Qg3 h6 22. h3 e5 23. Nb4 Qe6 24. Kf1 a5 25. Nc2 Nb2 26. Rdb1 Na4 27.
Rb5 f6 28. Rab1 Rd6 29. e4 Rcd8 30. Kg1 Rd3 31. Ne3 Nxc3 0-1

[Event "4NCL Division 3 Central"]
[Site "Leamington Spa, ENG"]
[Date "2021.11.21"]
[Round "2.41"]
[White "Pink, Joshua"]
[Black "Burrows, Martin P"]
[Result "0-1"]
[WhiteElo "1949"]
[BlackElo "2125"]
[PlyCount "110"]
[EventDate "2021.11.21"]
[WhiteTeam "Throw in the Tal"]
[BlackTeam "The Rookies"]

1. e4 c5 2. Nf3 d6 3. d4 cxd4 4. Nxd4 Nf6 5. Bc4 e6 6. Nc3 a6 7. Be3 Be7 8. Qe2
O-O 9. O-O-O b5 10. Bd3 b4 11. Nb1 Bb7 12. f3 Nbd7 13. g4 d5 14. Nd2 dxe4 15.
Nxe4 Nxe4 16. Bxe4 Bxe4 17. fxe4 Qc7 18. Rhf1 Nc5 19. Qf3 Rac8 20. Rf2 Bf6 21.
Nb3 Nxb3+ 22. axb3 a5 23. Bd4 Bxd4 24. Rxd4 Rcd8 25. Qd3 Rxd4 26. Qxd4 Rd8 27.
Qc4 Qe5 28. Qe2 Rd4 29. Qf3 f6 30. Re2 Qg5+ 31. Re3 h5 32. h3 h4 33. Kb1 Qe5
34. Qf2 Rd1+ 35. Ka2 Qd4 36. Qf3 Rc1 37. e5 Rxc2 38. Qa8+ Kf7 39. Qb7+ Kg6 40.
Qe4+ Qxe4 41. Rxe4 Rh2 42. exf6 Kxf6 43. g5+ Kxg5 44. Rg4+ Kh5 45. Rxg7 Rxh3
46. Ra7 Re3 47. Rxa5+ Kg4 48. Ra8 h3 49. Rg8+ Kf3 50. Rf8+ Kg2 51. Rg8+ Rg3 52.
Re8 h2 53. Rxe6 h1=Q 54. Re2+ Kh3 55. Rh2+ Qxh2 0-1

[Event "4NCL Division 3 Central"]
[Site "Leamington Spa, ENG"]
[Date "2021.11.21"]
[Round "2.42"]
[White "Okhai, Shabir"]
[Black "Graff, Ben"]
[Result "1-0"]
[WhiteElo "2118"]
[BlackElo "1818"]
[PlyCount "107"]
[EventDate "2021.11.21"]
[WhiteTeam "The Rookies"]
[BlackTeam "Throw in the Tal"]

1. e4 e6 2. d4 d5 3. Nc3 dxe4 4. Nxe4 Bd7 5. Nf3 Bc6 6. Bd3 Nd7 7. O-O Ngf6 8.
Ng3 Bxf3 9. Qxf3 c6 10. c4 Be7 11. b3 O-O 12. Bb2 Re8 13. Rfe1 Qc7 14. Rad1
Rad8 15. Bb1 Nf8 16. h4 Bd6 17. Ne4 Nxe4 18. Rxe4 f5 19. Re2 Be7 20. h5 Bf6 21.
Bc3 Qf7 22. Red2 Rd7 23. Bb4 Be7 24. Bc3 Bf6 25. Rd3 Red8 26. c5 Rd5 27. a3 h6
28. Ba2 Nh7 29. b4 Ng5 30. Qe2 R5d7 31. Bb2 Kh8 32. a4 Re7 33. Re3 Ne4 34. Bb1
Bg5 35. Rxe4 fxe4 36. Qxe4 Qf5 37. Qe2 Qf7 38. Rd3 Rf8 39. b5 cxb5 40. axb5 Qg8
41. Ra3 b6 42. c6 Ref7 43. f3 Re7 44. Rc3 Qf7 45. Ba3 Bf6 46. Qe4 Qg8 47. Bxe7
Bxe7 48. c7 Rc8 49. Rc6 Bf6 50. Kf1 Bg5 51. Bd3 e5 52. d5 Be7 53. Qxe5 Bf6 54.
Qe4 1-0

[Event "4NCL Division 3 Central"]
[Site "Leamington Spa, ENG"]
[Date "2021.11.21"]
[Round "2.43"]
[White "Manickam, Saravanna Bava"]
[Black "Jones, Christopher M"]
[Result "0-1"]
[WhiteElo "1795"]
[BlackElo "2136"]
[PlyCount "62"]
[EventDate "2021.11.21"]
[WhiteTeam "Throw in the Tal"]
[BlackTeam "The Rookies"]

1. d4 d5 2. Bf4 e6 3. e3 c5 4. c3 Qb6 5. Qb3 Qxb3 6. axb3 Nc6 7. Nd2 Nf6 8. h3
cxd4 9. exd4 Be7 10. Bd3 O-O 11. Ngf3 Ne8 12. O-O Bd6 13. Bxd6 Nxd6 14. Rfe1
Bd7 15. b4 Rfc8 16. b3 a6 17. Ra2 Rab8 18. Rc1 Nxb4 19. Bb1 Nxa2 20. Bxa2 b5
21. Ne5 Be8 22. Nd3 b4 23. c4 Nf5 24. Nf3 dxc4 25. bxc4 Rd8 26. d5 exd5 27.
cxd5 b3 28. Bb1 Rxd5 29. Nb2 Nd4 30. Nxd4 Rxd4 31. Bd3 a5 0-1

[Event "4NCL Division 3 Central"]
[Site "Leamington Spa, ENG"]
[Date "2021.11.21"]
[Round "2.44"]
[White "Agnew, Alan"]
[Black "Conway, John"]
[Result "1-0"]
[WhiteElo "2048"]
[BlackElo "1722"]
[PlyCount "69"]
[EventDate "2021.11.21"]
[WhiteTeam "The Rookies"]
[BlackTeam "Throw in the Tal"]

1. d4 d5 2. Nf3 Nf6 3. c4 c6 4. Qc2 g6 5. Bf4 dxc4 6. e4 Be6 7. Ng5 Qxd4 8.
Nxe6 fxe6 9. Nd2 e5 10. Be3 Qd8 11. Bxc4 Bg7 12. O-O Nbd7 13. a4 Ng4 14. Bg5 h6
15. Bh4 g5 16. Bg3 Qc7 17. Qb3 O-O-O 18. f3 Ngf6 19. Bf2 Kb8 20. a5 g4 21. Qe3
c5 22. b4 h5 23. b5 Bh6 24. Qc3 Bxd2 25. Qxd2 b6 26. Qc3 gxf3 27. gxf3 h4 28.
Ra2 Rde8 29. Rfa1 e6 30. axb6 Nxb6 31. Rxa7 Qd8 32. Qxe5+ Kc8 33. Qxc5+ Kb8 34.
Ra8+ Nxa8 35. Rxa8+ 1-0

[Event "4NCL Division 3 Central"]
[Site "Leamington Spa, ENG"]
[Date "2021.11.21"]
[Round "2.45"]
[White "Scaife, Warrick"]
[Black "Compton, Alistair"]
[Result "0-1"]
[WhiteElo "1698"]
[BlackElo "2046"]
[PlyCount "52"]
[EventDate "2021.11.21"]
[WhiteTeam "Throw in the Tal"]
[BlackTeam "The Rookies"]

1. e4 e6 2. d3 d5 3. Nd2 Nf6 4. g3 dxe4 5. dxe4 Nc6 6. Ngf3 Bc5 7. Bg2 O-O 8.
O-O e5 9. c3 a5 10. Qc2 Qe7 11. Re1 Be6 12. h3 Rfd8 13. a4 Rab8 14. Nf1 Bc4 15.
Bg5 Bd3 16. Bxf6 Qxf6 17. Qc1 Bxf1 18. Kxf1 Rd3 19. b4 axb4 20. cxb4 Ba7 21.
Qb2 Rxf3 22. Bxf3 Qxf3 23. Ra3 Qh1+ 24. Ke2 Qxe4+ 25. Kf1 Qh1+ 26. Ke2 Qg2 0-1

[Event "4NCL Division 3 Central"]
[Site "Leamington Spa, ENG"]
[Date "2021.11.21"]
[Round "2.46"]
[White "Jaszkiwskyj, Peter"]
[Black "Woolgar, Steven G"]
[Result "1-0"]
[WhiteElo "1919"]
[BlackElo "1650"]
[PlyCount "61"]
[EventDate "2021.11.21"]
[WhiteTeam "The Rookies"]
[BlackTeam "Throw in the Tal"]

1. d4 Nf6 2. c4 e6 3. Nc3 Bb4 4. Qc2 Nc6 5. e3 O-O 6. Bd3 d5 7. Nf3 Bd7 8. O-O
Bxc3 9. bxc3 dxc4 10. Bxc4 Na5 11. Bd3 g6 12. Ne5 h6 13. Rb1 Qc8 14. Ba3 Re8
15. Qe2 a6 16. Rfc1 Nc6 17. Nxd7 Nxd7 18. Be4 Ndb8 19. f4 f5 20. Bf3 Ra7 21.
Bh5 Rd8 22. Rf1 Qd7 23. Rf3 Ne7 24. Bxe7 Qxe7 25. Rg3 Nd7 26. Bf3 Nf6 27. Re1
Nd5 28. Qc2 Qa3 29. Bxd5 Rxd5 30. e4 fxe4 31. c4 1-0

[Event "4NCL Division 3 Central"]
[Site "Leamington Spa, ENG"]
[Date "2021.11.21"]
[Round "2.51"]
[White "Klein, Raimund"]
[Black "Hibbitt, Arthur"]
[Result "1-0"]
[WhiteElo "1962"]
[BlackElo "1742"]
[PlyCount "63"]
[EventDate "2021.11.21"]
[WhiteTeam "Shropshire and Friends 1"]
[BlackTeam "Oxford 4"]

1. e4 d6 2. d4 Nf6 3. Nc3 Nbd7 4. Nf3 e5 5. Bc4 Be7 6. h3 h6 7. Be3 c6 8. a4
Qc7 9. O-O Nf8 10. dxe5 dxe5 11. Qe2 g5 12. Rfd1 Ng6 13. Rd3 Nf4 14. Bxf4 gxf4
15. Rad1 Rg8 16. Nh4 Bxh3 17. Rxh3 Ng4 18. Nf5 Rg6 19. Rhd3 Nf6 20. R1d2 Bc5
21. Nd6+ Bxd6 22. Rxd6 Kf8 23. Qd1 Ke7 24. Bxf7 Rg7 25. Be6 Kf8 26. Bf5 Qe7 27.
Re6 Qf7 28. Rd8+ Rxd8 29. Qxd8+ Ne8 30. Rxh6 Qg8 31. Rf6+ Rf7 32. Be6 1-0

[Event "4NCL Division 3 Central"]
[Site "Leamington Spa, ENG"]
[Date "2021.11.21"]
[Round "2.52"]
[White "Phan, Stefanus Kf"]
[Black "Higgie, Charles L"]
[Result "1-0"]
[WhiteElo "1760"]
[BlackElo "1922"]
[PlyCount "77"]
[EventDate "2021.11.21"]
[WhiteTeam "Oxford 4"]
[BlackTeam "Shropshire and Friends 1"]

1. c4 e5 2. g3 Nf6 3. Bg2 d5 4. cxd5 Nxd5 5. Nc3 Be6 6. Nf3 Nc6 7. O-O Be7 8.
d4 exd4 9. Nxd4 Nxd4 10. Qxd4 Bf6 11. Qa4+ c6 12. Rd1 O-O 13. Nxd5 cxd5 14. e4
d4 15. Bf4 Qb6 16. e5 Be7 17. Qxd4 Bc5 18. Qd2 Bg4 19. Rdc1 Rfd8 20. Qe1 Rd7
21. a3 Bd4 22. Rc2 Rad8 23. h3 Bf5 24. Be4 Bxe4 25. Qxe4 Bxb2 26. Rb1 Rd1+ 27.
Rxd1 Rxd1+ 28. Kg2 Bxa3 29. Be3 Qa5 30. e6 fxe6 31. Qxe6+ Kf8 32. Kh2 Be7 33.
Rc4 b6 34. Rf4+ Ke8 35. Rf7 Qb4 36. Rxg7 Kd8 37. Bf4 Rd7 38. Rg8+ Bf8 39. Bh6
1-0

[Event "4NCL Division 3 Central"]
[Site "Leamington Spa, ENG"]
[Date "2021.11.21"]
[Round "2.53"]
[White "Gostelow, David W"]
[Black "Hertog, Alexander"]
[Result "1-0"]
[WhiteElo "1917"]
[BlackElo "1577"]
[PlyCount "75"]
[EventDate "2021.11.21"]
[WhiteTeam "Shropshire and Friends 1"]
[BlackTeam "Oxford 4"]

1. d4 d5 2. Bf4 c5 3. e3 cxd4 4. exd4 Nc6 5. c3 Bf5 6. Nf3 e6 7. Qb3 Qd7 8. Bb5
f6 9. O-O a6 10. Be2 Bg6 11. Re1 O-O-O 12. c4 Bd6 13. cxd5 exd5 14. Bxd6 Qxd6
15. Nc3 Nge7 16. Na4 Rd7 17. Nb6+ Kb8 18. Nxd7+ Qxd7 19. Bxa6 Be4 20. Rad1 Na5
21. Qb6 Nac6 22. Re3 Nc8 23. Qb3 Nd6 24. Bb5 h5 25. Rc1 Nxb5 26. Qxb5 g5 27.
Rec3 Kc7 28. Qa5+ Kd6 29. Qc5+ Ke6 30. Nd2 Bg6 31. b4 Kf7 32. b5 Ne7 33. a4 Qe6
34. Re3 Qg4 35. Rxe7+ Kg8 36. Qc8+ Qxc8 37. Rxc8+ Be8 38. Rcxe8# 1-0